书目信息 |
| 题名: |
书籍装禎
|
|
| 作者: | 邓中和 | |
| 分册: | ||
| 出版信息: | 北京 中国青年出版社 2004 |
|
| 页数: | 377 | |
| 开本: | 20cm | |
| 丛书名: | ||
| 单 册: | ||
| 中图分类: | TS872 | |
| 科图分类: | ||
| 主题词: | 印刷--技术 | |
| 电子资源: | ||
| ISBN: | 7-5006-5388-3 | |
| 000 | 00520nam0 2200181 450 | |
| 001 | 0729297901 | |
| 005 | 20071003080817.90 | |
| 010 | @a7-5006-5388-3@b精装@d¥68.00 | |
| 100 | @a20071003d km y0chiy0120 ea | |
| 101 | 0 | @achi |
| 200 | 1 | @a书籍装禎@Ashu ji zhuang zhen@f邓中和@Fdeng zhong he |
| 210 | @a北京@c中国青年出版社@d2004 | |
| 215 | @a377@d20cm | |
| 606 | 0 | @a印刷@x技术 |
| 690 | @aTS872@v4 | |
| 701 | 0 | @a邓中和@Adeng zhong he |
| 801 | 0 | @aCN@b大连网信软件有限公司图书馆·11@c20071003 |
| 905 | @a213230@dTS872@eM18 | |
| 书籍装禎/邓中和.-北京:中国青年出版社,2004 |
| 377;20cm |
| ISBN 7-5006-5388-3(精装):¥68.00 |
| ● |
| 相关链接 |
|
|
|
|
正题名:书籍装禎
索取号:TS872/M18
 
预约/预借
| 序号 | 登录号 | 条形码 | 馆藏地/架位号 | 状态 | 备注 |
| 1 | 6400901 | 264009012 | 美术系资料室/ [索取号:TS872/M18] | 在馆 |